| 000 | 00496nam a22001817a 4500 | ||
|---|---|---|---|
| 003 | NUST - PNEC | ||
| 005 | 20170116180815.0 | ||
| 008 | 150519b xxu||||| |||| 00| 0 eng d | ||
| 020 | _a- | ||
| 040 | _cLIBRARY | ||
| 082 | _a355.9549 SHA | ||
| 100 |
_93617 _aShaukat Riza |
||
| 245 |
_aThe Pakistan Army 1966-71 _cMaj. Gen (Retd) Shaukat Riza |
||
| 260 |
_aLahore: _bService Books Club, |
||
| 300 |
_a240 p. : _c22 cm. |
||
| 650 |
_93618 _aPakistan, History of Army _xGeneral |
||
| 942 |
_2ddc _cBK |
||
| 999 |
_c63506 _d63506 |
||